| 000 | 00490nam a22001937a 4500 | ||
|---|---|---|---|
| 003 | OSt | ||
| 005 | 20180116183057.0 | ||
| 008 | 161025b xxu||||| |||| 00| 0 eng d | ||
| 020 | _a9780471573715 | ||
| 040 | _c0 | ||
| 082 | _a650.072 SEK 1992 | ||
| 100 | _aUma Sekaran | ||
| 245 |
_aResearch Methods For Business _cUma Sekaran |
||
| 250 | _a2nd | ||
| 260 |
_aCanada _bJohn Wiley & sons _c1992 |
||
| 300 |
_a428 p. _bPB |
||
| 440 | _aResearch Methods For Business | ||
| 942 |
_2ddc _cBK |
||
| 999 |
_c351885 _d351885 |
||